00591nam a2200193 i 450000100060000000300090000600500170001500700030003200800410003508000350007610000250011124500430013626000500017930000390022949000300026860000460029883000300034485200230037410557ES-MaACL20240116184024.0t|950825s1956 sp f |||| |bspa d a929 Jovellanos, Gaspar Melchor1 aAguirre Prado, Luis.10aJovellanos / cpor Luis Aguirre Prado. aMadrid : bPublicaciones Españolas, c1956. a29 p., [4] p. de lám. ; c24 cm.1 aTemas españoles ; v24110aJovellanos, Gaspar Melchor de,d1744-18110 aTemas españoles ; v241 aES-MaACLjL-17828